Obscure Song Lyrics - Statistics

General Stats
  • This quiz has been taken 16 times
  • The average score is 3 of 11
Answer Stats
Lyric Song % Correct
Try now we can only lose / And our love become a funeral pyre Light My Fire
64%
Making love is like sifting through sand / Oooh, Jackie, it slips through your hand Jackie Blue
43%
I'll move myself and my family aside / If we happen to be left half alive Won't Get Fooled Again
29%
Burns like a red coal carpet / Mad bull lost your way Gimme Shelter
21%
I bite off anything that I can chew / I'm chasing cars up and down the avenue Jerk It Out
21%
I know you're working for the CIA / They wouldn't have you in the Maf-I-A Why Can't We Be Friends?
21%
I know my mama, Lord, a brownskin, but she ain't no plum Travelling Riverside Blues
14%
You get me in a crowd of high-class people / And then you act real rude to me Use Me
14%
There's no more time for crying over spilled milk / Now it's time for crying in your beer Dare To Be Stupid
7%
All over the country, I've seen it the same / Nobody's winning at this kind of game Free Ride
7%
I remember when / Sittin' in the tub / Pulled out the plug / The water was runnin' out Slippery People
7%
No matching quizzes found
Score Distribution
Percent of People with Each Score
Percentile by Number Answered
Your Score History
You have not taken this quiz